000 00506nam a2200193Ia 4500
008 101110s9999 xx 000 0 und d
041 _aENGLISH
082 _bSR11485
_a658.8
100 _aGabhe, Daryani
245 _aBusiness Planning Part - I ( S.Y.B.Com.)
365 _b22
520 _aCommerce
546 _aENGLISH
630 _aBusiness Planning Part - I ( S.Y.B.Com.)
650 _aCommerce
655 _aCommerce
730 _aBusiness Planning Part - I ( S.Y.B.Com.)
942 _cBOOK
999 _c806229
_d806226